000 00946cam a2200241 a 4500
001 000018543
005 20200929165824.0
008 801030s1978 it b 001 0 ita
040 _aDO-SdBNP
_cDLC
_dDLC
_dBNPHU
082 _a945.05
_bC736c
100 1 _aCompagni, Dino,
_d1260-1324.
_940102
245 1 0 _aCrónica /
_cDino Compagni ; introducción y notas Gino Luzzatto.
260 _aTorino, Italia :
_bGiulio Einaudi,
_c1978.
300 _axlii, 222 p. [1] fold. leaf of plates :
_bplan ;
_c19 cm.
490 1 _aNuova Universale Einaudi ;
_v98
500 _aIncluye índice de lugares y personas.
504 _aIncluye referencias bibliográficas y notas al pie de las páginas.
651 0 _aFlorencia (Italia{Rpara}
_xHistoria
_y1421.
_940103
700 1 _aLuzzatto, Gino,
_d1878-1964.
_93116
700 1 _aCompagni, Dino,
_d1260-1324.
_940102
830 0 _aNuova Universale Einaudi ;
_n98
_940104
910 _aCatalogación por derivada / LC
999 _c18063
_d18063